Urban theory and the urban experience : encountering the city

Αποθηκεύτηκε σε:
Λεπτομέρειες βιβλιογραφικής εγγραφής
Κύριος συγγραφέας: Parker, Simon 1964-
Μορφή: Βιβλίο
Γλώσσα:English
Δημοσίευση: London : Routledge, 2004, 2008
Θέματα:
Ετικέτες: Προσθήκη ετικέτας
Δεν υπάρχουν, Καταχωρήστε ετικέτα πρώτοι!

MARC

LEADER 00000nam a2200000 i 4500
001 1/78590
008 080324r20082004 eng d
020 |a 978-0-415-24592-0 
020 |a 0-415-24592-3 
035 |l 10095764 
040 |a GR-MY-UA  |b gre  |e aacr 
041 0 |a eng 
082 0 |a 307.76  |2 (22) 
100 1 |a Parker, Simon  |d 1964- 
245 1 0 |a Urban theory and the urban experience :  |b encountering the city /  |c Simon Parker 
260 |a London :   |b Routledge,   |c 2004, 2008 
300 |a 210 σ.;  |b εικ. ;  |c 25 εκ.  
504 |a Βιβλιογραφία: σ. [185]-203 
504 |a Ευρετήριο: σ. [204]-210 
650 0 0 |a Cities and towns. 
650 0 0 |a Cities and towns  |x Philosophy. 
650 0 0 |a Sociology, Urban. 
650 0 0 |a Sociology, Urban  |x Philosophy. 
852 |a INST  |b LESVOS  |e 20080324  |h 307.76 PAR  |p 005100040554  |q 005100040554  |t BK  |y 0 
901 |a BIBL1-2008-1 
909 |a Λ  |b 143119 
922 |a 1ΕΛΗ  |b 200712  |c ΕΠΕΑΕΚ2/ΤΚΑ  |d ΠΑΠΑΣΩΤΗΡΙΟΥ 
970 |a ΧΑΤΖΗΜΙΧΑΗΛ  |b ΜΑΡΙΑ  |z 2008/03/24